000 01589cam a2200397 a 4500
001 713318
003 ARRUPE
005 20150423130205.0
008 890217s1986 miua b s101 0 eng
010 _a 85021756
020 _a0918720672
020 _a0918720680 (soft)
035 _a(OCoLC)12663953
035 _a(OCoLC)ocm12663953
035 _a(CStRLIN)NYCG89-B12072
035 _a(NNC)713318
040 _dNNC
_cArrupe
043 _ae-uk---
050 0 _aDA152.2.S83
082 0 _a940.17 s
_a936.2
_219
090 _aCB351
_b.S83 vol. 20
245 0 0 _aSources of Anglo-Saxon culture /
_cedited by Paul E. Szarmach with the assistance of Virginia Darrow Oggins.
260 _aKalamazoo, MI :
_bMedieval Institute Publications, Western Michigan University,
_c1986.
300 _axii, 457 p. :
_bill. ;
_c24 cm.
490 1 _aStudies in medieval culture ;
_v20
500 _aPapers from the Symposium on the Sources of Anglo-Saxon Culture held in conjunction with the Eighteenth International Congress on Medieval Studies at Western Michigan University, May 5-8, 1983.
504 _aIncludes bibliographies and index.
650 0 _aCivilization, Anglo-Saxon
_vCongresses.
_915901
650 0 _aAnglo-Saxon literature
_xHistory and criticism
_vCongresses.
_915902
700 1 _aSzarmach, Paul E.
_915903
700 1 _aOggins, Virginia Darrow.
_915904
711 2 _aSymposium on the Sources of Anglo-Saxon Culture
_d(1983 :
_cWestern Michigan University)
_915905
830 0 _aStudies in medieval culture ;
_v20.
_915906
942 _2lcc
_cMONOGRAPH
999 _c122308
_d122308